|
|
|
|
| LEADER |
00000nab#a22000007a#4500 |
| 001 |
arbauad030005 |
| 003 |
AR-BaUAD |
| 005 |
20250711112444.0 |
| 008 |
980213|||||||||###||||||b###|0###a|spa|| |
| 040 |
|
|
|a AR-BaUAD
|c AR-BaUAD
|b spa
|
| 245 |
1 |
0 |
|a Esporre Exhibiting
|
| 300 |
0 |
|
|b axonom., cortes, fot., plantas, vistas
|
| 653 |
|
|
|a STANDS
|
| 653 |
|
|
|a EXPOSICIONES
|
| 653 |
|
|
|a NOUVEL, JEAN
|
| 653 |
|
|
|a CERRI, PIERLUIGI
|
| 653 |
|
|
|a HOLLEIN, HANS
|
| 653 |
|
|
|a MENDINI, ALESSANDRO
|
| 653 |
|
|
|a STARCK, PHILIPPE
|
| 653 |
|
|
|a PIANO, RENZO
|
| 653 |
|
|
|a RIVA, UMBERTO
|
| 653 |
|
|
|a AULENTI, GAE
|
| 653 |
|
|
|a BELLINI, MARIO
|
| 653 |
|
|
|a BAROLI, LUIGI
|
| 653 |
|
|
|a GRAVES, MICHAEL
|
| 653 |
|
|
|a DE GIORGI, MANOLO
|
| 653 |
|
|
|a LAUDANI, MARTA
|
| 653 |
|
|
|a ROMANELLI, MARCO
|
| 653 |
|
|
|a PODRECCA, BORIS
|
| 653 |
|
|
|a GA ASSOCIATI
|
| 653 |
|
|
|a SANTACHIARA, DENIS
|
| 653 |
|
|
|a STUDIO AZZURRO
|
| 653 |
|
|
|a MAURER, INGO
|
| 653 |
|
|
|a DORDONI, RODOLFO
|
| 653 |
|
|
|a VIGO, NANDA
|
| 653 |
|
|
|a EISENMAN, PETER
|
| 653 |
|
|
|a FILIPPO, ALISON
|
| 653 |
|
|
|a LAVIANI, FERRUCCIO
|
| 653 |
|
|
|a PAU, LLUIS
|
| 653 |
|
|
|a SOTTSASS, ETTORE
|
| 653 |
|
|
|a BRANSON, DOUG
|
| 653 |
|
|
|a COATES, NIGEL
|
| 653 |
|
|
|a TSCHUMI, BERNARD
|
| 653 |
|
|
|a HADID, ZAHA
|
| 653 |
|
|
|a ARAD, RON
|
| 653 |
|
|
|a GRCIC, KONSTANTIN
|
| 653 |
|
|
|a SIPEK, BOREK
|
| 653 |
|
|
|a PESCE, GAETANO
|
| 653 |
|
|
|a COOP HIMMELBLAU
|
| 653 |
|
|
|a MARCHSTEINER, ULI
|
| 653 |
|
|
|a BRANZI, ANDREA
|
| 653 |
|
|
|a GIOVANNONI, STEFANO
|
| 773 |
0 |
|
|t DOMUS DOSSIER
|g Nº5 [1997], p.1-124
|
| 942 |
|
|
|c ARTI
|
| 952 |
|
|
|0 0
|1 0
|4 0
|7 0
|9 74924
|a AR-BAuAD
|b AR-BAuAD
|d 2025-07-11
|l 0
|p AAQA030005
|r 2025-07-11 11:24:44
|w 2025-07-11
|y ARTI
|
| 990 |
|
|
|a AQ199
|b TD
|
| 998 |
|
|
|a AAQ
|b BIBUN76
|
| 999 |
|
|
|c 54597
|d 54597
|